Welcome to the Holygrace Academy Library

Please use search bar below to get started

HOW TO GET WHAT YOU WANT (Record no. 5585)

MARC details
000 -LEADER
fixed length control field 00375nam a22001457a 4500
020 ## - INTERNATIONAL STANDARD BOOK NUMBER
ISBN 978-1-4063-3703-7
082 ## - DEWEY DECIMAL CLASSIFICATION NUMBER
Classification number 158
Item number GRU/H
100 ## - MAIN ENTRY--AUTHOR NAME
Personal name GRUNFIELD, NINA
245 ## - TITLE STATEMENT
Title HOW TO GET WHAT YOU WANT
260 ## - PUBLICATION, DISTRIBUTION, ETC. (IMPRINT)
Place of publication LONDON
Name of publisher WALKER BOOKS
Year of publication 2011
300 ## - PHYSICAL DESCRIPTION
Number of Pages 159
520 ## - SUMMARY, ETC.
Summary, etc FRIENDS, CONFIDENCE, HAPPINESS, LOVE , SUCCESS
650 ## - SUBJECT ADDED ENTRY--TOPICAL TERM
Topical Term PHSYCOLOGY
Geographic subdivision UNITED KINGDOM
942 ## - ADDED ENTRY ELEMENTS (KOHA)
Koha item type Books
Holdings
Withdrawn status Lost status Collection code Home library Current library Shelving location Date acquired Source of acquisition Cost, normal purchase price Full call number Accession Number Koha item type
    Fiction Main Library Main Library SHELF 15E--PSYCHOLOGY,JOKES 03/12/2013 purchase 399.00 158 GRU/H 07567 Books